000 00508nam a2200193Ia 4500
005 20250508160807.0
008 008 250505s9999 xx 000 0 eng d
037 _aTextual
040 _aFEDL
_beng
_cFEDL
041 _aeng
_2eng
084 _a370.9489, THO
_qFEDL
100 _aThomsen Ole B
_9769387
245 0 _aSome aspects of education in denmark
260 _c1967
300 _axii,105p.
650 _aEducation
942 _cTEXL
_h370.9489, THO
999 _c1366671
_d1366671